000
00341 a2200157 4500
001
194894
040
_c
Magnum
100
_a
ALENCAR, Gelça
240
1
0
_a
Arraiá na floresta vem cá
_l
por
245
1
0
_a
Arraiá na floresta vem cá
300
_a
14
362
0
_a
2013
440
1
_a
SEDUC
697
_a
LITERATURA INFANTIL
942
_c
BK
999
_c
194894
_d
194894